Cost benefit and cost effectiveness: studies and analysis (Record no. 86244)

MARC details
000 -LEADER
fixed length control field 00666cam a2200193 4500
008 - FIXED-LENGTH DATA ELEMENTS--GENERAL INFORMATION
fixed length control field 090401t1973 xxu||||| |||| 00| 0 eng d
020 ## - INTERNATIONAL STANDARD BOOK NUMBER
International Standard Book Number 0043380581
035 ## - SYSTEM CONTROL NUMBER
System control number (Sirsi) u6049
041 ## - LANGUAGE CODE
Language code of text/sound track or separate title eng
050 ## - LIBRARY OF CONGRESS CALL NUMBER
Classification number 339.41
100 ## - MAIN ENTRY--PERSONAL NAME
Personal name Wolfe, J.N (ed)
245 ## - TITLE STATEMENT
Title Cost benefit and cost effectiveness: studies and analysis
260 ## - PUBLICATION, DISTRIBUTION, ETC.
Place of publication, distribution, etc. London
Name of publisher, distributor, etc. Allen and Unwin
Date of publication, distribution, etc. 1973
300 ## - PHYSICAL DESCRIPTION
Extent 3-236p. ill. 23cm. index
350 ## - PRICE (NR) (BK AM CF MU VM SE) [OBSOLETE]
Price 4.5
520 ## - SUMMARY, ETC.
Summary, etc. Papers - first delivered at a conference of British economists specialising in cost-benefit analysis held in the Department of Economics of the University of Edinburgh. - Introduction
942 ## - ADDED ENTRY ELEMENTS (KOHA)
Suppress in OPAC 0
948 ## - LOCAL PROCESSING INFORMATION (OCLC); SERIES PART DESIGNATOR (RLIN)
c (OCLC) 04/03/1997
Holdings
Withdrawn status Lost status Source of classification or shelving scheme Damaged status Not for loan Home library Current library Shelving location Date acquired Cost, normal purchase price Total Checkouts Full call number Barcode Date last seen Date last checked out Copy number Cost, replacement price Price effective from Koha item type
    Dewey Decimal Classification     London London Basement 14/09/1999 4.50 1 BASEMENT 30003367 06/08/2019 13/06/2003 1 4.50 06/08/2019 Book